000 00324nam a22001337a 4500
008 170926b xxu||||| |||| 00| 0 eng d
020 _a9780669377422
041 _aeng
080 _a37
100 _a46
101 _aEDU
245 _aHEATH ENGLISH AN INTERGRATED APPROACH TO WRITING
_cBENSON.S.L
942 _2udc
_cBK
999 _c30018
_d30018